| 000 | 00439pab a2200169 454500 | ||
|---|---|---|---|
| 008 | 180718b1995 xxu||||| |||| 00| 0 eng d | ||
| 100 | _aChoudhary, C.M. | ||
| 245 | _aRural industrialisation during the Eighth Plan | ||
| 260 | _c1995 | ||
| 300 | _ap.15-17 | ||
| 362 | _aSep | ||
| 650 | _aRural development - India | ||
| 650 | _aRural industries - India | ||
| 650 | _aIndustrial development | ||
| 773 | _aKurukshetra | ||
| 909 | _a31530 | ||
| 999 |
_c31530 _d31530 |
||